Ricostruisci la Carriera del Calciatore - Lukas Podolski - Statistics

Statistiche generali
  • Questo quiz è stato fatto 7 volte
  • Il punteggio medio è 2 su 9
Statistiche sulle risposte
Hint Risposta % Corretto
2012-2015 Arsenal
50%
2006-2009 Bayern Monaco
50%
2015-2017 Galatasaray
50%
2003-2006 Colonia
25%
2021- Górnik Zabrze
25%
2015 Inter
25%
2020-2021 Antalyaspor
0%
2009-2012 Colonia
0%
2017-2020 Vissel Kōbe
0%
Nessun quiz corrispondente trovato
Distribuzione punteggi
Percentuale di utenti per punteggio
Percentile per numero di risposta
I tuoi punteggi nel tempo
Non hai fatto questo quiz